La utopía penal de Dorado Montero / (Record no. 24623)

MARC details
000 -LEADER
campo de control de longitud fija 00758nam a2200205 i 4500
001 - NÚMERO DE CONTROL
campo de control 24623
003 - IDENTIFICADOR DE NÚMERO DE CONTROL
campo de control ES-MaACL
005 - FECHA Y HORA DE LA ÚLTIMA TRANSACCIÓN
campo de control 20250915232351.0
007 - CAMPO FIJO DE DESCRIPCIÓN FÍSICA--INFORMACIÓN GENERAL
campo de control de longitud fija t|
008 - DATOS DE LONGITUD FIJA--INFORMACIÓN GENERAL
campo de control de longitud fija 021218s1950 sp ||||1| spa d
100 1# - ENTRADA PRINCIPAL--NOMBRE DE PERSONA
Nombre de persona Antón Oneca, José,
Fechas asociadas al nombre 1897-1981
9 (RLIN) 21950
245 13 - MENCIÓN DEL TÍTULO
Título La utopía penal de Dorado Montero /
Mención de responsabilidad, etc. por José Antón Oneca ; con un apéndice de Francisco Maldonado de Guevara.
260 ## - PUBLICACIÓN, DISTRIBUCIÓN, ETC.
Lugar de publicación, distribución, etc. Salamanca :
Nombre del editor, distribuidor, etc. Univerdidad,
Fecha de publicación, distribución, etc. 1950 (
Fabricante Gráfica Administrativa)
300 ## - DESCRIPCIÓN FÍSICA
Extensión 98 p. :
Otras características físicas retr. biog. ;
Dimensiones 24 cm.
490 1# - MENCIÓN DE SERIE
Mención de serie Acta Salmanticensia. Derecho ;
Designación de volumen o secuencia 1
700 1# - ENTRADA AGREGADA--NOMBRE PERSONAL
Nombre de persona Maldonado de Guevara, Francisco,
Fechas asociadas al nombre 1891-1985
9 (RLIN) 75725
830 00 - PUNTO DE ACCESO ADICIONAL DE SERIE-TÍTULO UNIFORME
Título uniforme Acta Salmanticensia
Designación de volumen o secuencia 1
9 (RLIN) 181394
852 ## - LOCALIZACIÓN
Ubicación ES-MaACL
Número de control de estantería D-7303
Sublocalización o colección R.30848
Holdings
Estatus retirado Estado de pérdida Estado de daño No para préstamo Biblioteca de origen Biblioteca actual Ubicación en estantería Fecha de adquisición Fuente de adquisición Total de préstamos Signatura topográfica completa Código de barras Visto por última vez Precio de reemplazo Tipo de ítem Koha
        Biblioteca del Ateneo de Madrid Biblioteca del Ateneo de Madrid Sala Valle Inclán 17/01/2008     D-7303 901025387 23/02/2023 23/02/2023 Libro impreso